00717nam a22002297a 45000010005000000030006000050050017000110080041000280200015000690400029000840500014001130820010001271000023001372450045001602600067002053000060002725050008003325200074003405210029004145210020004436500024004637595FISKH20250725104102.0250725b cb ||||| |||| 00| 0 eng d a0843119799 aFISKHbengcFISKHdFISKH aQP374.S38 a612.2 aSchwegler, Janice  aWhat is a sneeze? /cby Janice Schwegler aCalifornia : bPrice/ Stem / Sloan Publishers , Inc . c1987.  a28 unnumbered pages : bcolor illustrations ;c22 cm .  aJ  aShow what happens to a body from the start to the finish of a sneeze.8 a500 bLexile estimate 8 aJ bRaz-Plus  aHeath vNon-fiction